Применение импульсного электронного пучка для получения нанопорошков некоторых оксидов металлов

Bibliographic Details
Main Author: Соковнин С. Ю. Сергей Юрьевич
Corporate Author: Российская академия наук (РАН) Уральское отделение (УО) Институт электрофизики (ИЭФ)
Other Authors: Ильвес В. Г. Владислав Генрихович
Summary:Описаны принципы создания и конструкции установок для получения нанопорошков методом испарения импульсным электронным пучком в газе низкого давления, а также результаты получения и исследования свойств нанопорошков некоторых оксидов металлов. Созданные установки позволяют изготавливать нанопорошки оксидов с высокой удельной поверхностью (до 338 м2/г) при производительности до 12 г/ч и удельных затратах энергии -112 кВт-ч/г (около 5 энергий сублимации). Во всех порошках присутствуют мелкокристаллическая и крупнокристаллическая фракции, различающиеся размером, а также аморфная компонента. Образование аморфной компоненты в большинстве нанопорошков, изготовленных с использованием методов электронного испарения импульсным или непрерывным пучком, является их характерной особенностью, что делает методы электронного испарения очень привлекательными для получения и изучения свойств нанопорошков во взаимосвязи с их аморфным состоянием. Порошки имеют фрактальное строение, состоят из агрегатов размером от десятков до нескольких сотен нанометров, образованных кристаллическими наночастицами размером около 3-5 нм, с очень узким распределением частиц по размеру. Порошки имеют высокую дефектность структуры, что отразилось на их магнитных свойствах.
Language:Russian
Published: Екатеринбург, Изд-во УрО РАН, 2011
Subjects:
Format: Book
KOHA link:https://koha.lib.tpu.ru/cgi-bin/koha/opac-detail.pl?biblionumber=229116

MARC

LEADER 00000nam0a2200000 4500
001 229116
005 20231101230923.0
010 |a 9785769122989 
035 |a (RuTPU)RU\TPU\book\249665 
090 |a 229116 
100 |a 20121226d2012 k y0rusy50 ca 
101 0 |a rus 
102 |a RU 
105 |a a z 001zy 
200 1 |a Применение импульсного электронного пучка для получения нанопорошков некоторых оксидов металлов  |f С. Ю. Соковнин, В. Г. Ильвес  |g Российская академия наук (РАН), Уральское отделение (УО), Институт электрофизики (ИЭФ) 
210 |a Екатеринбург  |c Изд-во УрО РАН  |d 2011 
215 |a 318 с.  |c ил. 
320 |a Библиография в конце глав. 
330 |a Описаны принципы создания и конструкции установок для получения нанопорошков методом испарения импульсным электронным пучком в газе низкого давления, а также результаты получения и исследования свойств нанопорошков некоторых оксидов металлов. Созданные установки позволяют изготавливать нанопорошки оксидов с высокой удельной поверхностью (до 338 м2/г) при производительности до 12 г/ч и удельных затратах энергии -112 кВт-ч/г (около 5 энергий сублимации). Во всех порошках присутствуют мелкокристаллическая и крупнокристаллическая фракции, различающиеся размером, а также аморфная компонента. Образование аморфной компоненты в большинстве нанопорошков, изготовленных с использованием методов электронного испарения импульсным или непрерывным пучком, является их характерной особенностью, что делает методы электронного испарения очень привлекательными для получения и изучения свойств нанопорошков во взаимосвязи с их аморфным состоянием. Порошки имеют фрактальное строение, состоят из агрегатов размером от десятков до нескольких сотен нанометров, образованных кристаллическими наночастицами размером около 3-5 нм, с очень узким распределением частиц по размеру. Порошки имеют высокую дефектность структуры, что отразилось на их магнитных свойствах. 
606 1 |a Нанопорошки  |2 stltpush  |3 (RuTPU)RU\TPU\subj\52425  |9 70876 
610 1 |a получение 
610 1 |a диагностика 
610 1 |a импульсные электронные пучки 
610 1 |a метод испарения 
610 1 |a тепловые расчеты 
610 1 |a газодинамические расчеты 
610 1 |a тугоплавкие оксиды 
610 1 |a аморфные состояния 
610 1 |a фрактальное строение 
675 |a 621.762  |v 3 
700 1 |a Соковнин  |b С. Ю.  |g Сергей Юрьевич 
701 1 |a Ильвес  |b В. Г.  |g Владислав Генрихович 
712 0 2 |a Российская академия наук (РАН)  |b Уральское отделение (УО)  |b Институт электрофизики (ИЭФ)  |c (Екатеринбург)  |2 stltpush  |3 (RuTPU)RU\TPU\col\11924 
801 1 |a RU  |b 63413507  |c 20121226 
801 2 |a RU  |b 63413507  |c 20150616  |g RCR 
942 |c BK